| 000 | 00387nam a22001457a 4500 | ||
|---|---|---|---|
| 005 | 20150313163310.0 | ||
| 008 | 150313b xxu||||| |||| 00| 0 eng d | ||
| 040 | _cPK-LaUMT | ||
| 082 |
_aKHC 297.86 _bIQB- |
||
| 245 | _aاقبال اور احمدیت | ||
| 260 |
_aلاہور _bآئینہ ادب _c1984 |
||
| 300 | _a127 ص | ||
| 700 | _aبشیراحمد ڈار(مرتبھ | ||
| 942 | _cBK | ||
| 999 |
_c67844 _d67844 |
||